| 000 | 00000nas 2200000zi 4500 |
| 001 | 9.871410 |
| 003 | CaOODSP |
| 005 | 20240619084851 |
| 006 | m o d f |
| 007 | cr ||||||||||| |
| 008 | 190410d19881994oncux p o f0###b0fre|d |
| 040 | |aCaOODSP|bfre|erda|cCaOODSP |
| 043 | |an-cn--- |
| 086 | 1 |aC41-2F-PDF |
| 245 | 00|aRenseignements commerciaux. |
| 264 | 1|a[Ottawa] : |bIndustrie, Sciences et Technologie Canada = Industry, Science and Technology Canada, |c1988-1994. |
| 310 | |aIrrégulière |
| 336 | |atexte|btxt|2rdacontent/fre |
| 337 | |ainformatique|bc|2rdamedia/fre |
| 338 | |aressource en ligne|bcr|2rdacarrier/fre |
| 362 | 1 |aParaît depuis no. 88015; ne paraît plus après no. 93170. |
| 500 | |aChaque livraison comporte un titre distinct. |
| 500 | |aPublié aussi en anglais sous le titre : Market intelligence. |
| 500 | |aÉdition numérisée de l'imprimé [par Innovation, Sciences et Développement économique Canada]. |
| 650 | 6|aProduits commerciaux|zCanada|vPériodiques. |
| 655 | 7|aPériodiques|2rvmgf |
| 710 | 1 |aCanada. |bIndustrie, sciences et technologie Canada, |eorganisme de publication. |
| 775 | 08|tMarket intelligence.|w(CaOODSP)9.871408 |
| 780 | 00|tAnalyse des importations.|w(CaOODSP)9.897954 |